02743cam a22003135a 45000010009000000050017000090080041000260200015000670200019000820400033001010820023001342450087001572600053002443000034002974900029003315000024003605040041003845051459004256500043018846500027019276500042019546510010019966530035020067000048020419420023020899990017021129520156021299520144022851822111420151111140409.0140709t2015 paua frb 001 0 eng d a1451192002 a9781451192001  aDNLM/DLCcDLCdEG-ScBUEbeng04a613.04244222bWOM00aWomen's health and wellness across the lifespan /c[edited by] Ellen F. Olshansky. aPhiladelphia :bWolters Kluwer Heath, cc.2015.  axiv, 369 p. :bill. ;c23 cm.0 aNursing / women's health aIndex : p. 355-369. aIncludes bibliographical references.0 aIntroduction : holistic, lifespan approach to women's wellness as guiding framework / Ellen F. Olshansky -- Women's health in the 21st century / Ellen F. Olshansky -- Women's health : evolution of the science and clinical specialty / Nancy Fugate Woods, Versie Johnson-Mallard, Elizabeth A. Kostas-Polson, Diana Taylor, Judith A. Berg, Joan L.F. Shaver, Ellen F. Olshansky -- Puberty through early adulthood / Ruth Mielke, Karla Parsons, Cynthia Smith Greenberg -- Women at midlife / Judith A. Berg, Diana Taylor, Nancy Fugate Woods -- Healthy aging for women / Heather M. Young, Barbara B. Cochrane -- Wellness for special populations of women / Ellen F. Olshansky, Robynn Zender -- Body composition : enhancing health through exercise and nutrition / Robynn Zender -- Oral health / Madeleine M. Lloyd, Julia Lange Kessler -- Resilience in women / Anastasia Fisher, Diane C. Hatton, Ellen F. Olshansky -- Self-care : healing energy and other complementary therapies / Susan Thrane, Stephanie Deible, Susan M. Cohen -- Women and herbal medicine / Mahtab Jafari, Gabriel Orenstein -- Pharmacologic approaches to wellness and disease prevention in women over the lifespan / Diana N. Krause -- Healing arts : movement in the form of pilates / Diane Diefenderfer -- Healing environments / Nancy Lieberman Neudorf -- Healing relationships / Robynn Zender, Ellen F. Olshansky -- Promoting healthy sleep / Joan L. F. Shaver -- Peaceful dying / JoAnn Reifsnyder. 0aWomen2BUEshxHealth and hygiene95261 0aWomen2BUEshxDiseases 0aAge factors in disease.2BUEsh933273 2BUEsh bNNURcAugust2015cNovember20151 aOlshansky, Ellen Frances,d1949- ,eeditor. 2ddck613.04244 WOM c20535d20507 00102ddc40708BaccahaMAINbMAINc1STd2015-08-17ePurchaseg552.00h21764l2o613.04244 WOMp000030686r2025-07-15 00:00:00s2019-09-22v690.00yBB 00102ddc40708BaccahaMAINbMAINc1STd2015-08-17ePurchaseg552.00h21764l0o613.04244 WOMp000030782r2025-07-15 00:00:00v690.00yBB